000 01759ngm a2200349 4500
003 dpl
005 20080723110517.0
007 DVD
008 ||||||sp199 xxu|||||c|||| 00| 0 eng d
010 _aDVD-000880-882
024 _aA1902
_c499.00
035 _aDVD-000880-882
040 _aDPL
_cDPL
082 _aDVD / PIXA
245 _aPixar Monsters, Inc.
_cWalt Disney Home Entertainment
_h[videorecording] DVD/
246 _a.
260 _bWalt Disney Home Entertainment
300 _a1 videodisc DVD; (92 min.) :
_bsd., col. ;
_c4 3/4 in.
_fDVD
440 _aWalt Disney Home Entertainment
500 _aSole Distributor in India M/s. Excel Productions Autio Visuals Pvt. Ltd.
500 _aBonus Features:IFinding Nemo Trailer, For the Birds, Mike's New Car
500 _aFrom the Creators of Toy Story
500 _aThis DVD is Copy Protected
538 _aDolby Digital 5.1 -EnglishKorean, Thai, Subtitles: English, Bahasa, Thai, Korean
538 _aAspect Ratio: 1.85:1, Presentation type:Wide Screen, Presentation Size 16x9, Format DVD 9 Dual Layer Single Sided Disc.
650 _aAnimated Movie
942 _cCF
_2ddc
_hDVD
_mPIXA
999 _c16442
_d16442